000 00711nam a2200289Ia 4500
005 20260324132300.0
008 008 260324s9999 xx 000 0 eng d
020 _a9781351148887
037 _aEBOOK
040 _aCRL
040 _beng
040 _cCRL
041 _2eng
041 _aeng
084 _qCRL
100 _aAubrey S. Garlington
_91188688
245 0 _aSociety, Culture and Opera in Florence, 1814-1830
245 0 _bDilettantes in an "Earthly Paradise"
260 _bTaylor and Francis
260 _c2005
365 _a
365 _b240
856 _uhttp://www.taylorfrancis.com/books/9781351148887
942 _cEBOOK
999 _c1786672
_d1786672